Sobre teatre / Vladimir Maiakovski ; selecció, traducció i notes de Joaquim Horta i Manuel de Seabra ; pròleg de Joan-Anton Benach
Descripción Física:
142 p., [8] p. de làm. ; 22 cm
Colección:
Monografies de teatre ; 31
Materias:
Teatre -- Història i crítica
MARC
| LEADER | 00000nam a2200000Ia 4500 | ||
|---|---|---|---|
| 001 | 9105 | ||
| 008 | 160829s9999 xx 000 0 cat d | ||
| 080 | |a B-1-189 | ||
| 100 | |a Majakovskij, Vladimir V. |9 20927 | ||
| 245 | |a Sobre teatre / Vladimir Maiakovski ; selecció, traducció i notes de Joaquim Horta i Manuel de Seabra ; pròleg de Joan-Anton Benach | ||
| 300 | |a 142 p., [8] p. de làm. ; |c 22 cm | ||
| 490 | |a Monografies de teatre ; 31 | ||
| 650 | |a Teatre |x Història i crítica |9 20928 | ||
| 700 | 1 | |a Horta, Joaquim |e traductor |9 20929 | |
| 700 | |a Seabra, Manuel de, tr. |9 20930 |e traductor | ||
| 700 | 1 | |a Benach, Joan-Anton, |d 1936- |e autor del pròleg |9 20209 | |
| 901 | |a Arxiu | ||
| 942 | |n 1 |2 udc | ||
| 952 | |0 0 |1 0 |4 0 |6 B1189 |7 1 |9 41747 |a Arxiu |b Arxiu |d 2016-12-01 |l 0 |o B-1-189 |p 9105 |r 2016-12-01 00:00:00 |w 2016-12-01 |y ARXIU | ||
| 999 | |c 43637 |d 43637 | ||